00783nam a22002177a 4500003001100000005001700011008004100028040003900069041000800108082001800116100001400134245010200148260004200250300004100292650003000333650004200363650004500405942000700450952009300457999001500550LK-CoMWRAF20231006140212.0231006b1987 |||||||| |||| 00| 0 eng d aLK-CoMWRAFdLK-CoMWRAFeLK-CoMWRAF aeng a346.5401bBHA aBhatnagar aCommentaries on the Muslim Women (Protection of Rights on Divorce) Act, 1986 (Act No. 25 of 1986) aAllahabad: bAshoka Law House, c1987 axvi, 167 p. ; 25 cm.bIndex included aDIVORCE SETTLEMENTS-India aDivorce--Law and legislation--India.  aMuslim women--Legal status, laws,-India. cBK 00104070aMAINbMAINd2023-10-06l0o346.5401 BHApRAF1636r2023-10-06w2023-10-06yBK c3801d3801